000 00393nam a22001337a 4500
020 _a978-93-515-0072-8
082 _a322.10954 QAD
100 _aQadir, Altaf
245 _aSayyid Ahmad Barailvi: His Movement and Legacy from the Pukhtun Perspective
260 _aNew Delhi
_bSage Publications
_c2015
300 _a224
650 _aSayyid Ahmed Shaheed
_aIslamic Renewal-Pakistan
942 _cBK
999 _c20749
_d20749